Категория отчуждения: гносеологический анализ; Известия Томского политехнического университета [Известия ТПУ]; Т. 313, № 6: Экономика. Философия, социология и культурология

Xehetasun bibliografikoak
Parent link:Известия Томского политехнического университета [Известия ТПУ]/ Томский политехнический университет (ТПУ).— , 2000-
Т. 313, № 6: Экономика. Философия, социология и культурология.— 2008.— [С. 105-108]
Egile nagusia: Вторушин Н. А. Николай Анатольевич
Gaia:Заглавие с титульного листа
Электронная версия печатной публикации
Проведен гносеологический анализ категории отчуждения. Показаны подходы, помогающие рассмотреть проблему отчуждения. Сделан вывод о том, что проблеме отчуждения человека в современном мире уделяется недостаточно внимания, а это ведет к увеличению отчуждения и обострению социальных проблем.
Hizkuntza:errusiera
Argitaratua: 2008
Saila:Философия, социология и культурология
Gaiak:
Sarrera elektronikoa:http://www.lib.tpu.ru/fulltext/v/Bulletin_TPU/2008/v313/i6/23.pdf
Formatua: MixedMaterials Baliabide elektronikoa Liburu kapitulua
KOHA link:https://koha.lib.tpu.ru/cgi-bin/koha/opac-detail.pl?biblionumber=173732

MARC

LEADER 00000nla2a2200000 4500
001 173732
005 20240119110947.0
035 |a (RuTPU)RU\TPU\book\188413 
035 |a RU\TPU\book\188412 
090 |a 173732 
100 |a 20091230d2008 k y0rusy50 ca 
101 0 |a rus 
102 |a RU 
135 |a drnn ---uucaa 
181 0 |a i  
182 0 |a b 
200 1 |a Категория отчуждения: гносеологический анализ  |f Н. А. Вторушин 
203 |a Текст  |c электронный 
215 |a 1 файл (124 Кб) 
225 1 |a Философия, социология и культурология 
300 |a Заглавие с титульного листа 
300 |a Электронная версия печатной публикации 
320 |a [Библиогр.: с. 108 (14 назв.)] 
330 |a Проведен гносеологический анализ категории отчуждения. Показаны подходы, помогающие рассмотреть проблему отчуждения. Сделан вывод о том, что проблеме отчуждения человека в современном мире уделяется недостаточно внимания, а это ведет к увеличению отчуждения и обострению социальных проблем. 
337 |a Adobe Reader 
461 1 |0 (RuTPU)RU\TPU\book\176237  |t Известия Томского политехнического университета [Известия ТПУ]  |f Томский политехнический университет (ТПУ)  |d 2000- 
463 1 |0 (RuTPU)RU\TPU\book\188386  |x 1684-8519  |t Т. 313, № 6: Экономика. Философия, социология и культурология  |v [С. 105-108]  |d 2008  |p 189 с. 
610 1 |a отчуждение 
610 1 |a гносеологический анализ 
610 1 |a человек 
610 1 |a социальные проблемы 
610 1 |a труды учёных ТПУ 
610 1 |a электронный ресурс 
700 1 |a Вторушин  |b Н. А.  |c философ  |c старший преподаватель Томского политехнического университета  |f 1977-  |g Николай Анатольевич  |3 (RuTPU)RU\TPU\pers\25553  |9 11483 
801 1 |a RU  |b 63413507  |c 20090623  |g PSBO 
801 2 |a RU  |b 63413507  |c 20211210  |g PSBO 
856 4 |u http://www.lib.tpu.ru/fulltext/v/Bulletin_TPU/2008/v313/i6/23.pdf 
942 |c CF